| 000 | 00733nam a22002417a 4500 | ||
|---|---|---|---|
| 005 | 20250415150629.0 | ||
| 008 | 250415b |||||||| |||| 00| 0 eng d | ||
| 020 | _a978-1-032-54870-8 (pbk) | ||
| 037 | _cTB | ||
| 040 |
_aCRL _cCRL |
||
| 041 |
_2eng _aeng |
||
| 084 |
_aS:86 R4 _qCRL |
||
| 100 |
_aHolmes, Jeremy _9752317 |
||
| 245 | _aArt of psychotherapy | ||
| 250 | _a4th Ed. | ||
| 260 |
_aLondon, UK: _bRoutledge, _c2024. |
||
| 300 | _axi, 207p. | ||
| 365 |
_b26.99 _cUKP |
||
| 650 | _aPsychotherapy | ||
| 650 | _aPsychology | ||
| 942 |
_2CC _cTB _e4th Ed. _hS:86 R4 _n0 |
||
| 999 |
_c1309021 _d1309021 |
||